000 00995nam a22002417a 4500
001 5045
003 FISKH
005 20241101145521.0
008 241101b cb ||||| |||| 00| 0 eng d
020 _a9781561458066
040 _aFISKH
_beng
_cFISKH
_dFISKH
050 _aPZ7.G2416
082 _a823.92
100 _aGayton, Sam
245 _aLilliput /
_cby Sam Gayton : illustrated by Alice Ratterree
260 _aAtlanta, Georgia :
_bPeachtree Publishers ;
_c2013.
300 _a253 pages :
_billustrations ;
_c21 cm .
520 _aThree-inch-tall Lily has been trapped in a bird cage for half of her life while her giant captor, Gulliver, writes a book about his travels but she finally escapes and, aided by a clockmaker's apprentice and his friends, makes plans to leave London and return home to Lilliput. Inspired by Jonathan Swift's novel, Gulliver's Travels.
650 _afantasy
_vfiction
700 _aRatterree, Alice
_eillustrator
942 _2ddc
_cBK
_n0
999 _c5045
_d5045